Devinez les footballeurs selon leurs carrières #6 - Statistiques

Statistiques générales
  • Ce quiz a été pris 310 fois
  • Le résultat moyen est 10 sur 15
Statistiques - réponses
Carrière Joueur % Correct
Kylian Mbappé
93%
Lionel Messi
92%
Cristiano Ronaldo
89%
Robert Lewandowski
83%
Erling Haaland
81%
Harry Kane
75%
Ronaldinho
74%
Thomas Müller
73%
Luís Figo
72%
Steven Gerrard
70%
Robin Van Persie
68%
Sergio Agüero
58%
Jorginho
46%
Ruud van Nistelrooy
33%
Rivaldo
24%
Aucun quiz correspondant
Distribution des résultats
% des personnes avec chaque résultat
Percentile par nombre de réponses
Votre historique - résultats
Vous n’avez pas pris ce quiz